000 01147cam a2200337 a 4500
001 2381
003 FISKH
005 20250121152124.0
008 960806s1998 maua b 000 0 eng
010 _a 96034829
020 _a0316931187
020 _a0439040221
040 _aDLC
_cDLC
_dDLC
_beng
042 _alcac
050 0 0 _aPZ8.3.H66
_bMi 1998
082 0 0 _a798.42
_221
100 1 _aHoberman, Mary Ann.
245 1 0 _aMiss Mary Mack /
_cadapted by Mary Ann Hoberman ; illustrated by Nadine Bernard Westcott.
250 _aFirst Scholastic printing, January 1999
260 _aNew York :
_bScholastic,
_c1998
300 _a30 unnumbered pages :
_bcolor illustrations ;
_c28 cm
505 _aF
520 _aAn expanded adaptation of the familiar hand-clapping rhyme about a young girl and an elephant. Includes music and directions for the hand-clapping actions.
521 8 _a360
_bLexile NP
521 8 _aF
_bRaz-Plus
650 0 _aChildren's songs
_vTexts.
650 1 _aSongs.
700 1 _aWestcott, Nadine Bernard,
_eillustrator
906 _a7
_bcbc
_corignew
_d1
_eocip
_f19
_gy-gencatlg
942 _2ddc
_cBK
_n0
999 _c2381
_d2381